| 000 | 00574nam 22001933 4500 | ||
|---|---|---|---|
| 001 | 199137 | ||
| 021 | _aPT | ||
| 090 | _a199137 | ||
| 100 | _a20251119d u||y0pory50 ba | ||
| 101 | _apor | ||
| 102 | _aPT | ||
| 200 |
_aDe como um golpe militar pode começar um processo revolucionário ou a História de Portugal que nós escrevemos hoje _fSérgio Ribeiro |
||
| 210 |
_aLisboa _cPrelo _d1975 |
||
| 215 |
_a53, [3] p. _cbrochado _d19 cm |
||
| 225 |
_aDocumentos _v25 |
||
| 700 |
_912283 _aRibeiro _bSérgio _f1935 - 2024 |
||
| 801 |
_aPT _bBMMN _gRPC |
||
| 830 |
_cAna _fAna |
||
| 990 | _cLIVROS | ||